[Event "Online Olym Disabilities"]
[Site "Tornelo INT"]
[Date "2020.11.22"]
[Round "2.29"]
[White "Mosongoh, Geoffrey Maoga"]
[Black "Erten, Ozlem"]
[Result "1-0"]
[WhiteElo "1199"]
[BlackElo "1138"]
[PlyCount "65"]
[EventDate "2020.11.21"]
[EventType "team-swiss (rapid)"]
[EventRounds "7"]
[EventCountry "NET"]
[SourceTitle "CBM 199 Extra"]
[Source "ChessBase"]
[SourceDate "2021.01.31"]
[SourceVersion "1"]
[SourceVersionDate "2021.01.31"]
[SourceQuality "1"]
[WhiteTeam "Kenya"]
[BlackTeam "Turkey II"]
[WhiteTeamCountry "KEN"]
[BlackTeamCountry "TUR"]

1. e3 e5 2. Bc4 d5 3. Bb5+ Nc6 4. Nf3 Bd6 5. 0-0 Nf6 6. d4 e4 7. Ne5 Bd7 8. Nxd7 Qxd7 9. Nc3 0-0 10. Bxc6 bxc6 11. Ne2 Qg4 12. Nf4 Qh4 13. g3 Qh6 14. c3 g5 15. Ng2 Nh5 16. Qg4 f5 17. Qe2 Nf6 18. f4 gxf4 19. exf4 Qh5 20. Qxh5 Nxh5 21. Ne3 Kh8 22. c4 Rf6 23. cxd5 cxd5 24. Nxd5 Rg6 25. Ne3 Rf8 26. Ng2 Rfg8 27. Be3 Nxg3 28. hxg3 Rxg3 29. Rf2 Rxe3 30. Rc1 Reg3 31. Rc3 Bxf4 32. Rxg3 Bxg3 33. Rxf5 1-0